000 01066pam a2200301 a 4500
001 4927072
003 OSt
005 20160511182302.0
008 951004s1996 nyuab b 001 0 eng
010 _a 95044962
020 _a0393969207
040 _aDLC
_cDLC
_dDLC
050 0 0 _aQH308.2
_b.G69 1996
082 0 0 _a574
_220
_bGOU 1996
100 1 _aGould, James L.,
_d1945-
_98727
245 1 0 _aBiological science /
_cJames L. Gould, William T. Keeton, with Carol Grant Gould.
250 _a6th ed.
260 _aNew York :
_bW.W. Norton & Co.,
_c1996.
300 _a1 v. (various pagings) :
_bcol.ill, col. maps ;
_c28 cm.
500 _aKeeton's name appears first on the earlier edition.
504 _aIncludes bibliographical references and index.
650 0 _aBiology.
_95602
700 1 _aKeeton, William T.
_98728
700 1 _aGould, Carol Grant.
_98729
906 _a7
_bcbc
_corignew
_d1
_eocip
_f19
_gy-gencatlg
942 _2ddc
_cSLOAN
999 _c3994
_d3994